Music Quiz

Random Music or Lyrics Quiz

Elbow Starlings Lyrics Quiz Stats

 Plays Quiz not verified by Sporcle

Challenge
Share
Tweet
Embed
Score 0/180 Timer 08:00
0 Plays Today
Lyrics % Correct
the
98%
the
98%
the
98%
and
98%
and
98%
and
98%
the
98%
and
98%
and
98%
the
98%
a
98%
and
98%
a
98%
and
98%
a
98%
a
98%
a
98%
and
98%
and
98%
and
98%
The
98%
and
98%
a
98%
to
96%
of
96%
to
96%
of
96%
of
96%
in
96%
in
96%
in.
96%
to
96%
to
96%
of
96%
my
94%
have
94%
go.
94%
he
94%
on
94%
my
94%
your
94%
you
94%
an
94%
You
94%
you
94%
you
94%
You
94%
my
94%
you
94%
you
94%
you
94%
your
94%
your
94%
your
94%
starlings.
94%
with.
92%
list
92%
do.
92%
is
92%
thing
92%
Lyrics % Correct
is
92%
with
92%
with
92%
is
92%
How
90%
dare
90%
premier
90%
ignore
90%
He'll
90%
second
90%
things
90%
how
90%
So
88%
like
88%
So
88%
that
88%
like
88%
too
86%
orange
86%
too
86%
me
86%
me
86%
me
86%
cloud
86%
this
86%
grove.
84%
are
84%
you're
84%
ever
84%
love
84%
ever
84%
love?
84%
bunch
82%
marriage
82%
only
82%
any
82%
room
82%
I'm
82%
that's
82%
for
82%
I'm
82%
horse
82%
that's
82%
good
82%
for
82%
that's
82%
I'm
82%
I'm
82%
back
80%
glue
80%
Darling
80%
At
78%
disinterested
78%
asking
78%
be
78%
invitations?
76%
luncheons
76%
top
76%
place
76%
work
76%
Lyrics % Correct
dreamed
76%
down
76%
truest
76%
weary
76%
I'll
76%
It's
74%
stopping
74%
by
74%
haven't
74%
told
74%
oneself.
74%
theory
74%
sigh.
74%
nothing
74%
else,
74%
spinning
74%
diving
74%
I
72%
I
72%
I
72%
sat
72%
found
72%
apart
72%
yes
72%
I
72%
guess
72%
I.
72%
quiet
72%
confessional.
72%
when
72%
I
72%
dreams
70%
inside
70%
eyes.
70%
acting
68%
selfish
68%
pulled
68%
find
68%
man
68%
than,
68%
find
68%
man
68%
more
68%
than
68%
listen
68%
obsessions.
68%
explode
68%
Sit
66%
while
66%
let
66%
talk
66%
Then
66%
old.
64%
truer
64%
about
64%
violets
64%
needs
62%
meet
62%
but
60%
stubborn,
58%

You're not logged in!

Compare scores with friends on all Sporcle quizzes.
OR
Log In

You Might Also Like...

Show Comments

Extras

Created Mar 4, 2017ReportNominate
Tags:Lyrics Quiz

Top Quizzes Today


Score Distribution

Your Account Isn't Verified!

In order to create a playlist on Sporcle, you need to verify the email address you used during registration. Go to your Sporcle Settings to finish the process.

Report this User

Report this user for behavior that violates our Community Guidelines.

Details: